Gemeinden Landkreis Bad Kissingen - Statistiken

Allgemein
  • Dieses Quiz wurde 53 mal gespielt
  • Das Durchschnittsergebnis liegt bei 10 aus 26
Antwortstatistiken
Einwohner Gemeindeart Gemeinde % Korrekt
22.443 Große Kreisstadt Bad Kissingen
100%
11.023 Stadt Hammelburg
84%
7.598 Stadt Münnerstadt
82%
6.462 Stadt Bad Brückenau
71%
5.012 Gemeinde Oerlenbach
66%
4.591 Markt Bad Bocklet
53%
3.909 Gemeinde Nüdlingen
50%
1.486 Markt Euerdorf
47%
799 Markt Geroda
42%
5.054 Markt Oberthulba
42%
4.334 Markt Maßbach
39%
1.133 Gemeinde Rannungen
37%
2.869 Markt Wildflecken
34%
7.420 Markt Burkardroth
32%
1.857 Gemeinde Fuchsstadt
26%
1.665 Gemeinde Motten
26%
2.036 Markt Zeitlofs
26%
863 Gemeinde Aura an der Saale
24%
2.794 Markt Elfershausen
24%
1.703 Markt Schondra
24%
1.121 Gemeinde Ramsthal
18%
852 Markt Sulzthal
18%
1.030 Gemeinde Thundorf in Unterfranken
18%
2.115 Gemeinde Wartmannsroth
16%
2.072 Gemeinde Oberleichtersbach
13%
994 Gemeinde Riedenberg
13%
Keine übereinstimmenden Quizze gefunden
Verteilung der Resultate
Anzahl Personen mit jedem Resultat
Perzentil nach korrekt beantworteten Fragen
Ihre Resultats-Entwicklung
Sie haben dieses Quiz noch nicht gespielt